000 00238nam a22000857a 4500
008 161111b xxu||||| |||| 00| 0 eng d
100 _91159
_abhoosnurmath. r. s
245 _athe topsy turvy world
260 _anew delhi
_bnational book trust
_c2006
999 _c3819
_d3819